书目信息 |
| 题名: |
令我战战兢兢的百科书
|
|
| 作者: | 奥特韦, 著 ;卞建华 , 张雪瑾 , 赵玉婷 译 | |
| 分册: | ||
| 出版信息: | 青岛 青岛出版社 2010.02 |
|
| 页数: | 208页 | |
| 开本: | 26cm | |
| 丛书名: | 1001新奇百科系列 | |
| 单 册: | ||
| 中图分类: | Z228.2 | |
| 科图分类: | ||
| 主题词: | 科学知识--ke xue zhi shi--青少年读物 | |
| 电子资源: | ||
| ISBN: | 978-7-5436-6127-1 | |
| 000 | 01149nam 2200301 450 | |
| 001 | 012010536015 | |
| 005 | 20100604135659.12 | |
| 010 | @a978-7-5436-6127-1@dCNY26.00 | |
| 100 | @a20100604d2010 em y0chiy0120 ea | |
| 101 | 1 | @achi@ceng |
| 102 | @aCN@b370000 | |
| 105 | @aa z 000yy | |
| 106 | @ar | |
| 200 | 1 | @a令我战战兢兢的百科书@Aling wo zhan zhan jing jing de bai ke shu@f(英) 海伦·奥特韦著@F(ying)hai lun·ao te wei zhu@g卞建华 ... [等] 译@Gbian jian hua...[deng]yi |
| 210 | @a青岛@c青岛出版社@d2010.02 | |
| 215 | @a208页@c图@d26cm | |
| 225 | 2 | @a1001新奇百科系列@A1001 xin qi bai ke xi lie |
| 304 | @a题名页题 : 卞建华, 张雪瑾, 赵玉婷, 应慧译 | |
| 330 | @a本书主要内容包括:神奇怪诞的人体,稀奇古怪的食物,妙趣横生的动物,骇人听闻的历史,五花八门的科学知识,惊心动魄的世界纪录等。 | |
| 410 | 0 | @12001 @a1001新奇百科系列 |
| 606 | 0 | @a科学知识@Ake xue zhi shi@j青少年读物 |
| 690 | @aZ228.2@v4 | |
| 701 | 1 | @a奥特韦,@Aao te wei@b海伦@4著 |
| 702 | 0 | @a卞建华@Abian jian hua@4译 |
| 702 | 0 | @a张雪瑾@Azhang xue jin@4译 |
| 702 | 0 | @a赵玉婷@Azhao yu ting@4译 |
| 801 | 0 | @aCN@bQSSK@c20100604 |
| 905 | @b781958-60@dZ228.2@eA762@f3 | |
| 令我战战兢兢的百科书/(英) 海伦·奥特韦著/卞建华 ... [等] 译.-青岛:青岛出版社,2010.02 |
| 208页:图;26cm.-(1001新奇百科系列) |
| ISBN 978-7-5436-6127-1:CNY26.00 |
| 本书主要内容包括:神奇怪诞的人体,稀奇古怪的食物,妙趣横生的动物,骇人听闻的历史,五花八门的科学知识,惊心动魄的世界纪录等。 |
| ● |
| 相关链接 |
|
|
|
正题名:令我战战兢兢的百科书
索取号:Z228.2/A762
 
预约/预借
| 序号 | 登录号 | 条形码 | 馆藏地/架位号 | 状态 | 备注 |
| 1 | 781958 | 207819583 | 自科库501/501自科库 128排2列4层/ [索取号:Z228.2/A762] | 在馆 | |
| 2 | 781959 | 207819592 | 自科库501/501自科库 128排2列4层/ [索取号:Z228.2/A762] | 在馆 | |
| 3 | 781960 | 207819609 | 自科库501/501自科库 128排2列4层/ [索取号:Z228.2/A762] | 在馆 |